Finland : Selected Issues.

This Selected Issues paper analyzes structural shocks, productivity, and growth in Finland. Finland has gone from being a top-performing advanced economy to a growth laggard since 2007. The rapid decline of the (previously) high productivity information and communications technology sector in recent...

Descripció completa

Dades bibliogràfiques
Autor corporatiu: International Monetary Fund. European Dept
Format: Revista
Idioma:English
Publicat: Washington, D.C. : International Monetary Fund, 2015.
Col·lecció:IMF Staff Country Reports; Country Report ; No. 2015/312
Accés en línia:Full text available on IMF
LEADER 01793cas a2200241 a 4500
001 AALejournalIMF015610
008 230101c9999 xx r poo 0 0eng d
020 |c 5.00 USD 
020 |z 9781513517162 
022 |a 1934-7685 
040 |a BD-DhAAL  |c BD-DhAAL 
110 2 |a International Monetary Fund.  |b European Dept. 
245 1 0 |a Finland :   |b Selected Issues. 
264 1 |a Washington, D.C. :  |b International Monetary Fund,  |c 2015. 
300 |a 1 online resource (52 pages) 
490 1 |a IMF Staff Country Reports 
500 |a <strong>Off-Campus Access:</strong> No User ID or Password Required 
500 |a <strong>On-Campus Access:</strong> No User ID or Password Required 
506 |a Electronic access restricted to authorized BRAC University faculty, staff and students 
520 3 |a This Selected Issues paper analyzes structural shocks, productivity, and growth in Finland. Finland has gone from being a top-performing advanced economy to a growth laggard since 2007. The rapid decline of the (previously) high productivity information and communications technology sector in recent years has weighed on overall growth and productivity. An analysis of industry-level data indicates that shifts in the sectoral distribution of labor and capital toward lower productivity sectors are also contributing to slower aggregate productivity growth. Firm-level analysis suggests that the aggregate total factor productivity impact of reallocating resources within sectors is limited, although there is more scope to reallocate resources between sectors. 
538 |a Mode of access: Internet 
830 0 |a IMF Staff Country Reports; Country Report ;  |v No. 2015/312 
856 4 0 |z Full text available on IMF  |u http://elibrary.imf.org/view/journals/002/2015/312/002.2015.issue-312-en.xml  |z IMF e-Library